00321nam a2200097 4500082001500000100005100015245004200066260004400108490005000152650002100202 a581.69 SOT aSotheeswaran,SubramaniamaSotheeswaran,Sudhara aPoisonous plants of the south pacific aFijibUniversity of south pasificc1998 aUniversity of south pasific publications 1998 apoisonous plants